| 000 | 00635cam a22002171 4500 | ||
|---|---|---|---|
| 001 | sa 65004571 | ||
| 003 | DLC | ||
| 005 | 20260227112131.0 | ||
| 008 | 800805s1964 ii b 000 0 eng | ||
| 010 | _asa 65004571 | ||
| 035 | _a(OCoLC)6586621 | ||
| 040 |
_aDLC _cIU _dDLC |
||
| 042 | _apremarc | ||
| 050 | 0 | 0 |
_aHD31 _b.T66 |
| 245 | 0 | 0 |
_aTowards greater production & productivity ; _ba symposium organised by the Forum of Free Enterprise. |
| 260 |
_aBombay, _bPopular Prakashan _c[1964] |
||
| 300 |
_a136 p. _c17 cm. |
||
| 504 | _aBibliography: p. [68] | ||
| 650 | 0 | _aIndustrial management. | |
| 710 | 2 | _aForum of Free Enterprise. | |
| 999 |
_c63830 _d63830 |
||